| 000 -ლიდერი |
| ფიქსირებული სიგრძის საკონტროლო ველი |
01082nam a2200229Ia 4500 |
| 001 - საკონტროლო ნომერი |
| საკონტროლო ველი |
6007 |
| 003 - საკონტროლო ნომრის იდენტიფიკატორი |
| საკონტროლო ველი |
GE_BSU |
| 005 - ბოლო ოპერაციის თარიღი და დრო |
| საკონტროლო ველი |
20190624210912.0 |
| 008 - ფიქსირებული სიგრძის მონაცემთა ელემენტები - ზოგადი ინფორმაცია |
| ფიქსირებული სიგრძის საკონტროლო ველი |
181216s1977||||ge |||||||||||||| ||geo|| |
| 041 ## - ენის კოდი |
| Language code of text/sound track or separate title |
geo |
| 080 ## - უნივერსალური ათობითი კლასიფიკაციის ინდექსი |
| Universal Decimal Classification number |
621.315(076) გ-45 |
| 100 ## - მთავარი ჩანაწერი - პიროვნების სახელი |
| Personal name |
გველესიანი, გ. |
| 9 (RLIN) |
2869 |
| 245 ## - ცნობა სათაურის შესახებ |
| Title |
ლაბორატორიული პრაქტიკუმი ნახევრადგამტარ მასალათა ტექნოლოგიაში / |
| Statement of responsibility, etc |
გ. გველესიანი ; ი. ცისკარიშვილი ; ა. ბასარია. |
| 264 ## - წარმოების, გამოცემის, დისტრიბუციის და სხვა ცნობები |
| გამოცემის, წარმოების, დისტრიბუციის... ადგილი |
თბილისი: |
| გამოცემის, წარმოების, დისტრიბუციის... სახელწოდება |
სპი, |
| გამოცემის, წარმოების, დისტრიბუციის... თარიღი |
1977. |
| 300 ## - ფიზიკური აღწერა |
| Extent |
69 გვ .: |
| Other physical details |
ცხრ. |
| Dimensions |
19 სმ. |
| 653 ## - INDEX TERM--UNCONTROLLED |
| Uncontrolled term |
ნახევრადგამტარ მასალათა ტექნოლოგია |
| 653 ## - INDEX TERM--UNCONTROLLED |
| Uncontrolled term |
ტექნიკა |
| 700 ## - ADDED ENTRY--PERSONAL NAME |
| Personal name |
ცისკარიშვილი, ი |
| 9 (RLIN) |
2870 |
| 700 ## - ADDED ENTRY--PERSONAL NAME |
| Personal name |
ბასარია, ა |
| 9 (RLIN) |
2871 |
| 700 ## - ADDED ENTRY--PERSONAL NAME |
| Personal name |
კირვალიძე, ე |
| Relator term |
რედაქტორი |
| 9 (RLIN) |
2872 |
| 942 ## - ADDED ENTRY ELEMENTS (KOHA) |
| Koha item type |
წიგნი |
| Source of classification or shelving scheme |
|